Sigles et acronymes 2 - Statistiques

Statistiques générales
  • Ce quiz a été pris 324 fois
  • Le résultat moyen est 41 sur 69
Statistiques - réponses
Hint Réponse % Correct
A
98%
Alpes
86%
Azur
86%
Côte
86%
PACA Provence
86%
PLS Position
84%
ZAD Zone
84%
ZEP Zone
84%
Taxes
83%
TTC Toutes
83%
Animaux
82%
Comprises
82%
Latérale
82%
Sécurité
82%
BAFA Brevet
81%
Bancaire
80%
DROM Département
77%
SPA Société
77%
EHPAD Etablissement
75%
Identité
74%
Loyer
74%
Mer
74%
Outre
74%
HLM Habitation
73%
RIB Relevé
73%
Région
72%
Modéré
71%
TOC Troubles
71%
IDH Indice
69%
Personnes
69%
Travail
66%
Travail
66%
Humain
63%
Protectrice
63%
Générale
62%
Générale
62%
Développement
61%
Agées
59%
Prioritaire
59%
Obsessionnels
58%
Education
57%
UGC Union
57%
Compulsifs
53%
Nationale
52%
Aptitude
50%
Motorisé
47%
PACS PActe
46%
Dépendantes
45%
FNAC Fédération
45%
Animateur
44%
Léger
44%
CGT Confédération
42%
CFDT Confédération
42%
Française
42%
Défendre
39%
Cinématographique
35%
Solidarité
35%
ULM Ultra
35%
Civil
32%
Etudes
32%
Santé
31%
Hébergement
29%
Année
28%
PACES Première
28%
Commune
26%
Fonctions
23%
Achats
18%
Cadres
12%
Démocratique
9%
Aucun quiz correspondant
Distribution des résultats
% des personnes avec chaque résultat
Percentile par nombre de réponses
Votre historique - résultats
Vous n’avez pas pris ce quiz